[Event "GBR-ch90"]
[Site "Edinburgh"]
[Date "2003.07.21"]
[Round "1.24"]
[White "Woodward, Timothy"]
[Black "Arakhamia-Grant, Ketevan"]
[Result "1/2-1/2"]
[WhiteElo "2285"]
[BlackElo "2408"]
[PlyCount "76"]
[EventDate "2003.07.21"]
[EventType "swiss"]
[EventRounds "11"]
[EventCountry "GBR"]
[SourceTitle "BritBase"]
[Source "John Saunders"]
[SourceDate "2008.07.14"]
[SourceVersion "1"]
[SourceVersionDate "2008.07.14"]
[SourceQuality "2"]

1. d4 Nf6 2. c4 g6 3. Nc3 Bg7 4. e4 d6 5. Nf3 O-O 6. Be2 e5 7. O-O Nc6 8. d5
Ne7 9. Ne1 Nd7 10. Be3 f5 11. f3 f4 12. Bf2 g5 13. a4 a5 14. Nd3 b6 15. b4 axb4
16. Nxb4 Nf6 17. Nc6 Nxc6 18. dxc6 Qe8 19. Nd5 Rf7 20. Qb3 g4 21. Kh1 Kh8 22.
a5 bxa5 23. Qb5 g3 24. Bg1 gxh2 25. Bf2 Nxd5 26. cxd5 Bf8 27. Rxa5 Rxa5 28.
Qxa5 Rg7 29. Bh4 Be7 30. Bxe7 Qxe7 31. Rf2 Qh4 32. Qa7 Qg3 33. Bf1 h5 34. Re2
Kh7 35. Qa8 Rg8 36. Qa7 Rg7 37. Qa8 Rg8 38. Qa7 Rg7 1/2-1/2

[Event "GBR-ch90"]
[Site "Edinburgh"]
[Date "2003.07.21"]
[Round "1.25"]
[White "Gourlay, Iain"]
[Black "McEwan, Ken B"]
[Result "0-1"]
[WhiteElo "2284"]
[BlackElo "2190"]
[PlyCount "130"]
[EventDate "2003.07.21"]
[EventType "swiss"]
[EventRounds "11"]
[EventCountry "GBR"]
[SourceTitle "BritBase"]
[Source "John Saunders"]
[SourceDate "2008.07.14"]
[SourceVersion "1"]
[SourceVersionDate "2008.07.14"]
[SourceQuality "2"]

1. Nf3 g6 2. g3 Bg7 3. Bg2 e5 4. d3 Nc6 5. c4 d6 6. Nc3 f5 7. O-O Nf6 8. Nd5
Ne7 9. Nxf6+ Bxf6 10. Bh6 Ng8 11. Bd2 Ne7 12. Qb3 c6 13. Bc3 Qc7 14. Qa3 O-O
15. b4 Bd7 16. Qb2 Rae8 17. Rfe1 Bg7 18. e4 f4 19. c5 fxg3 20. hxg3 Nc8 21. d4
exd4 22. Nxd4 dxc5 23. bxc5 b6 24. Rac1 bxc5 25. Nb3 Bh6 26. f4 c4 27. Nd2 Be6
28. Bf1 Nb6 29. Be5 Bg7 30. Bxg7 Qxg7 31. e5 Qf7 32. Ne4 Rb8 33. Qc3 Bd5 34.
Nd6 Qe6 35. Kh2 Na4 36. Qa3 Rb2+ 37. Re2 Rfb8 38. Qxa4 Qg4 39. Rcc2 Qh5+ 40.
Bh3 Rb1 41. Ne4 Rh1+ 42. Kxh1 Qxh3+ 43. Kg1 Bxe4 44. Qxc4+ Bd5 45. Qc3 Rb1+ 46.
Kf2 Rf1+ 47. Ke3 Rf3+ 48. Kd2 Rxc3 49. Rxc3 Qe6 50. a3 Kf7 51. Rh2 h5 52. Re2
Qd7 53. Kc1 Ke6 54. Rd3 Qb7 55. Rb2 Qa6 56. Kd2 Qc4 57. Rb4 Qa2+ 58. Ke3 Qg2
59. Kd4 Qc2 60. Rb8 c5+ 61. Ke3 Qg2 62. Rf8 Qxg3+ 63. Kd2 Qf2+ 64. Kd1 Bf3+ 65.
Kc1 Be4 0-1

[Event "GBR-ch90"]
[Site "Edinburgh"]
[Date "2003.07.21"]
[Round "1.26"]
[White "Guthrie, David"]
[Black "Ahmed, Sk. Nasir"]
[Result "0-1"]
[WhiteElo "2183"]
[BlackElo "2283"]
[PlyCount "74"]
[EventDate "2003.07.21"]
[EventType "swiss"]
[EventRounds "11"]
[EventCountry "GBR"]
[SourceTitle "BritBase"]
[Source "John Saunders"]
[SourceDate "2008.07.14"]
[SourceVersion "1"]
[SourceVersionDate "2008.07.14"]
[SourceQuality "2"]

1. d4 Nf6 2. c4 e6 3. Nc3 Bb4 4. e3 b6 5. Bd3 Bb7 6. Nf3 O-O 7. O-O d5 8. cxd5
exd5 9. Ne5 Nbd7 10. f4 c5 11. Qf3 Bxc3 12. bxc3 Ne4 13. c4 Ndf6 14. Qd1 Nc3
15. Qe1 cxd4 16. Ba3 Re8 17. c5 Nfe4 18. c6 Bc8 19. exd4 b5 20. Bb4 f6 21. Nf3
Bf5 22. Bxc3 Nc5 23. Bxf5 Rxe1 24. Rfxe1 Ne4 25. Rac1 a5 26. Nd2 Nd6 27. Bd7
Ra7 28. Nb3 b4 29. Bd2 Rxd7 30. cxd7 Qxd7 31. Nxa5 Qb5 32. Nb3 h6 33. Rc2 Qd3
34. Rec1 Nc4 35. Bxb4 Qe3+ 36. Kh1 Qxf4 37. Be1 Qf1# 0-1

[Event "GBR-ch90"]
[Site "Edinburgh"]
[Date "2003.07.21"]
[Round "1.27"]
[White "Thomas, Nicholas"]
[Black "Simmons, Matthew"]
[Result "1-0"]
[WhiteElo "2281"]
[BlackElo "2176"]
[PlyCount "41"]
[EventDate "2003.07.21"]
[EventType "swiss"]
[EventRounds "11"]
[EventCountry "GBR"]
[SourceTitle "BritBase"]
[Source "John Saunders"]
[SourceDate "2008.07.14"]
[SourceVersion "1"]
[SourceVersionDate "2008.07.14"]
[SourceQuality "2"]

1. e4 c6 2. c4 d5 3. exd5 cxd5 4. d4 Nf6 5. Nc3 e6 6. Nf3 Nc6 7. Bd3 Bb4 8.
cxd5 Nxd5 9. Bd2 O-O 10. O-O Be7 11. Ne4 Nf6 12. Bc3 h6 13. Re1 Qb6 14. Ne5 Nb4
15. Nxf6+ Bxf6 16. Nc4 Qb5 17. a4 Qd7 18. Bxb4 Rd8 19. Qc2 Bxd4 20. Rad1 b5 21.
Ne5 1-0

[Event "GBR-ch90"]
[Site "Edinburgh"]
[Date "2003.07.21"]
[Round "1.28"]
[White "Meyer, Gordon"]
[Black "Grant, Jonathan"]
[Result "1/2-1/2"]
[WhiteElo "2175"]
[BlackElo "2271"]
[PlyCount "69"]
[EventDate "2003.07.21"]
[EventType "swiss"]
[EventRounds "11"]
[EventCountry "GBR"]
[SourceTitle "BritBase"]
[Source "John Saunders"]
[SourceDate "2008.07.14"]
[SourceVersion "1"]
[SourceVersionDate "2008.07.14"]
[SourceQuality "2"]

1. e4 c6 2. d4 d5 3. Nc3 dxe4 4. Nxe4 Bf5 5. Ng3 Bg6 6. h4 h6 7. Nf3 Nd7 8. h5
Bh7 9. Bd3 Bxd3 10. Qxd3 e6 11. Bf4 Ngf6 12. O-O-O Be7 13. Ne4 Nxe4 14. Qxe4
Nf6 15. Qd3 Qa5 16. Kb1 O-O 17. g4 Nxg4 18. Rdg1 Qf5 19. Qd2 g5 20. hxg6 fxg6
21. Bxh6 Qxf3 22. Bxf8 Rxf8 23. d5 cxd5 24. Qd4 Nf6 25. Rxg6+ Kf7 26. Rhg1 Rc8
27. Rg7+ Ke8 28. Qa4+ Nd7 29. Rh7 Kd8 30. Qa5+ b6 31. Qxa7 Rc7 32. Qa8+ Rc8 33.
Qa7 Rc7 34. Qa8+ Rc8 35. Qa7 1/2-1/2

[Event "GBR-ch90"]
[Site "Edinburgh"]
[Date "2003.07.21"]
[Round "1.30"]
[White "Kafka, Graeme"]
[Black "Martyn, Rafe"]
[Result "0-1"]
[WhiteElo "2170"]
[BlackElo "2266"]
[PlyCount "52"]
[EventDate "2003.07.21"]
[EventType "swiss"]
[EventRounds "11"]
[EventCountry "GBR"]
[SourceTitle "BritBase"]
[Source "John Saunders"]
[SourceDate "2008.07.14"]
[SourceVersion "1"]
[SourceVersionDate "2008.07.14"]
[SourceQuality "2"]

1. e4 c6 2. d4 d5 3. e5 c5 4. dxc5 Nc6 5. Nf3 Bg4 6. Bb5 Qa5+ 7. Nc3 e6 8. O-O
Bxc5 9. h3 Bxf3 10. Qxf3 Nge7 11. Bf4 O-O 12. Bd3 f5 13. a3 Bd4 14. Rfe1 Ng6
15. Qg3 Bxc3 16. bxc3 Nxf4 17. Qxf4 Qxc3 18. Rab1 b6 19. Re3 Qd4 20. Qxd4 Nxd4
21. c3 Nc6 22. f4 Rac8 23. c4 Ne7 24. Rc1 Rc5 25. Be2 b5 26. Rb1 dxc4 0-1

[Event "GBR-ch90"]
[Site "Edinburgh"]
[Date "2003.07.21"]
[Round "1.32"]
[White "Walton, Alan J"]
[Black "Vujatovic, Rajko"]
[Result "0-1"]
[WhiteElo "2158"]
[BlackElo "2265"]
[PlyCount "110"]
[EventDate "2003.07.21"]
[EventType "swiss"]
[EventRounds "11"]
[EventCountry "GBR"]
[SourceTitle "BritBase"]
[Source "John Saunders"]
[SourceDate "2008.07.14"]
[SourceVersion "1"]
[SourceVersionDate "2008.07.14"]
[SourceQuality "2"]

1. d4 d5 2. Bg5 f6 3. Bh4 Nh6 4. f3 Nc6 5. Nc3 Nf5 6. Bf2 e5 7. e3 Be6 8. g4
Nfe7 9. Bd3 Qd7 10. Nge2 Nb4 11. a3 Nxd3+ 12. Qxd3 O-O-O 13. O-O-O Kb8 14. Bg3
Nc6 15. e4 dxe4 16. Qxe4 f5 17. Qd3 fxg4 18. d5 gxf3 19. Qxf3 Bg4 20. Qe3 Nd4
21. Nxd4 exd4 22. Rxd4 Bc5 23. Qf4 Bxd4 24. Qxd4 Rhf8 25. a4 a6 26. Bf2 b6 27.
a5 c5 28. Bg3+ Kb7 29. Qd3 Qf5 30. Qxf5 Rxf5 31. Re1 Rd7 32. Re8 bxa5 33. b3
Bf3 34. Na4 Rfxd5 35. Rb8+ Ka7 36. Nb6 Rd1+ 37. Kb2 R7d6 38. Nc8+ Kxb8 39. Nxd6
Ka7 40. Bf2 Kb6 41. Nc4+ Kb5 42. Ne5 Rd2 43. Be1 Re2 44. Nxf3 Re3 45. Bc3 Rxf3
46. Bxg7 a4 47. bxa4+ Kxa4 48. Be5 Kb4 49. h4 h5 50. Bc7 Rh3 51. Bd8 c4 52.
Be7+ Ka4 53. Bf6 Kb5 54. Ka2 Kc6 55. c3 Kd5 0-1

[Event "GBR-ch90"]
[Site "Edinburgh"]
[Date "2003.07.21"]
[Round "1.34"]
[White "Walton, Colin"]
[Black "Moore, Gerald"]
[Result "1-0"]
[WhiteElo "2135"]
[BlackElo "2252"]
[PlyCount "81"]
[EventDate "2003.07.21"]
[EventType "swiss"]
[EventRounds "11"]
[EventCountry "GBR"]
[SourceTitle "BritBase"]
[Source "John Saunders"]
[SourceDate "2008.07.14"]
[SourceVersion "1"]
[SourceVersionDate "2008.07.14"]
[SourceQuality "2"]

1. e4 c5 2. Nc3 e6 3. g3 Nc6 4. Bg2 Nf6 5. d3 Be7 6. f4 d5 7. e5 Nd7 8. Nf3 b5
9. O-O b4 10. Ne2 a5 11. Kh1 O-O 12. c3 Ba6 13. Re1 Qb6 14. Be3 Rab8 15. d4
bxc3 16. bxc3 Qb2 17. f5 Rfc8 18. fxe6 fxe6 19. Nf4 Nf8 20. Bh3 Nd8 21. Qa4 Bb5
22. Qb3 Bc4 23. Qa4 Rb5 24. Rab1 Qxb1 25. Rxb1 Rxb1+ 26. Bg1 cxd4 27. Nxd4 Bc5
28. Qe8 Bxd4 29. cxd4 Rcb8 30. Nxe6 Ndxe6 31. Bxe6+ Kh8 32. Bc8 Rf1 33. Kg2 Ba6
34. e6 Bxc8 35. Bf2 Bxe6 36. Qxb8 Bh3+ 37. Kxh3 Rxf2 38. Qd8 h6 39. Qxd5 Nh7
40. Qd8+ Nf8 41. Qxa5 1-0

[Event "GBR-ch90"]
[Site "Edinburgh"]
[Date "2003.07.21"]
[Round "1.35"]
[White "Addison, Bret C"]
[Black "Mitchell, Martin"]
[Result "1/2-1/2"]
[WhiteElo "2251"]
[BlackElo "2132"]
[PlyCount "108"]
[EventDate "2003.07.21"]
[EventType "swiss"]
[EventRounds "11"]
[EventCountry "GBR"]
[SourceTitle "BritBase"]
[Source "John Saunders"]
[SourceDate "2008.07.14"]
[SourceVersion "1"]
[SourceVersionDate "2008.07.14"]
[SourceQuality "2"]

1. d4 Nf6 2. c4 g6 3. Nc3 Bg7 4. e4 d6 5. Bd3 O-O 6. Nge2 e5 7. d5 Nh5 8. O-O
f5 9. exf5 gxf5 10. f4 Nd7 11. Be3 exf4 12. Nxf4 Nxf4 13. Bxf4 Ne5 14. Qd2 Bd7
15. Rac1 Qf6 16. Bg5 Qg6 17. Be2 Rf7 18. b3 Raf8 19. Bf4 Ng4 20. a4 Nf6 21. Be3
Re8 22. a5 a6 23. Bf3 Ne4 24. Bxe4 fxe4 25. Rxf7 Qxf7 26. Rf1 Qg6 27. Ne2 Be5
28. Nf4 Bxf4 29. Rxf4 Rf8 30. Rxf8+ Kxf8 31. Qd4 Bh3 32. Qd2 Ke8 33. Bg5 Bf5
34. Qf4 Qf7 35. Kf2 Bg6 36. Ke3 Qxf4+ 37. Kxf4 c6 38. b4 cxd5 39. cxd5 Kf7 40.
g4 h5 41. gxh5 Bxh5 42. Kxe4 Bd1 43. h4 Be2 44. Bf4 Ke7 45. Bg5+ Kf7 46. Bd8
Bd1 47. Bc7 Ke7 48. Kf4 Bb3 49. h5 Bxd5 50. h6 Kf7 51. Bxd6 Kg6 52. Ke5 Bh1 53.
Bf8 Kh7 54. Bd6 Bg2 1/2-1/2

[Event "GBR-ch90"]
[Site "Edinburgh"]
[Date "2003.07.21"]
[Round "1.36"]
[White "Buckley, Melanie"]
[Black "Broomfield, Matthew"]
[Result "1/2-1/2"]
[WhiteElo "2130"]
[BlackElo "2249"]
[PlyCount "88"]
[EventDate "2003.07.21"]
[EventType "swiss"]
[EventRounds "11"]
[EventCountry "GBR"]
[SourceTitle "BritBase"]
[Source "John Saunders"]
[SourceDate "2008.07.14"]
[SourceVersion "1"]
[SourceVersionDate "2008.07.14"]
[SourceQuality "2"]

1. e4 c5 2. Nc3 Nc6 3. g3 g6 4. Bg2 Bg7 5. d3 Rb8 6. Be3 d6 7. Qd2 b5 8. Nge2
Nd4 9. O-O b4 10. Nd1 a5 11. Nc1 a4 12. c3 Nc6 13. Ne2 a3 14. bxa3 bxc3 15.
Ndxc3 Nd4 16. Rab1 Ba6 17. Bxd4 cxd4 18. Nd5 e6 19. Rxb8 Qxb8 20. Nb4 Bc8 21.
Rc1 Ne7 22. Qg5 Bd7 23. Qa5 O-O 24. Rc7 Rd8 25. Rb7 Qc8 26. Rc7 Qb8 27. Rb7 Qc8
28. Qa7 Nc6 29. Nxc6 Qxc6 30. Rc7 Qa4 31. Bf1 Ra8 32. Qb7 Be8 33. Rc8 Rxc8 34.
Qxc8 Kf8 35. Qc1 Bf6 36. Qb2 Bb5 37. Nf4 Bd8 38. Qb4 Ke7 39. Ne2 Bb6 40. Kg2
Qxb4 41. axb4 Bxd3 42. f3 f5 43. Nc1 Bc2 44. Bd3 Ba4 1/2-1/2

[Event "GBR-ch90"]
[Site "Edinburgh"]
[Date "2003.07.21"]
[Round "1.37"]
[White "Rendle, Thomas"]
[Black "Clarke, Thomas M"]
[Result "1-0"]
[WhiteElo "2240"]
[BlackElo "2128"]
[PlyCount "111"]
[EventDate "2003.07.21"]
[EventType "swiss"]
[EventRounds "11"]
[EventCountry "GBR"]
[SourceTitle "BritBase"]
[Source "John Saunders"]
[SourceDate "2008.07.14"]
[SourceVersion "1"]
[SourceVersionDate "2008.07.14"]
[SourceQuality "2"]

1. e4 e5 2. Nf3 Nc6 3. Bb5 f5 4. Nc3 Nf6 5. Qe2 Bb4 6. exf5 Bxc3 7. bxc3 O-O 8.
Ba3 Re8 9. O-O e4 10. Nd4 Nxd4 11. cxd4 c6 12. Ba4 d5 13. Bb3 Bxf5 14. Qe3 Kh8
15. Qg5 Qd7 16. f3 h6 17. Qh4 exf3 18. Rxf3 Re4 19. Rf4 Rae8 20. Raf1 Rxf4 21.
Qxf4 Bg6 22. d3 Re2 23. h3 Kh7 24. Bd6 Nh5 25. Qf3 Re6 26. Be5 Re7 27. Qg4 Qe8
28. Qh4 Rf7 29. Rxf7 Qxf7 30. Qf2 a5 31. Qxf7 Bxf7 32. Bc7 Kg6 33. Bxa5 Nf4 34.
Kf2 h5 35. Bd2 Kf5 36. Kf3 Ne6 37. g4+ hxg4+ 38. hxg4+ Kf6 39. Be3 Ng5+ 40. Kg3
Be6 41. c3 Nf7 42. Bf4 Kg6 43. Bd1 Kf6 44. a4 Kg6 45. Kh4 Kf6 46. g5+ Ke7 47.
g6 Nh8 48. Kg5 Bh3 49. Be5 Kf8 50. Be2 Bd7 51. a5 Be8 52. Bg4 Bxg6 53. Bc8 Bxd3
54. Bxb7 Nf7+ 55. Kf4 g5+ 56. Ke3 1-0

[Event "GBR-ch90"]
[Site "Edinburgh"]
[Date "2003.07.21"]
[Round "1.38"]
[White "Dignam, Matthew P"]
[Black "Radovanovic, Jovica"]
[Result "1-0"]
[WhiteElo "2124"]
[BlackElo "2239"]
[PlyCount "77"]
[EventDate "2003.07.21"]
[EventType "swiss"]
[EventRounds "11"]
[EventCountry "GBR"]
[SourceTitle "BritBase"]
[Source "John Saunders"]
[SourceDate "2008.07.14"]
[SourceVersion "1"]
[SourceVersionDate "2008.07.14"]
[SourceQuality "2"]

1. d4 Nf6 2. c4 g6 3. Nc3 Bg7 4. e4 d6 5. Nf3 O-O 6. Be2 e5 7. O-O Nc6 8. d5
Ne7 9. b4 Nh5 10. Re1 a5 11. bxa5 Nf4 12. Bf1 c5 13. Bxf4 exf4 14. Rc1 Bg4 15.
h3 Bh5 16. Qd3 Bxf3 17. Qxf3 g5 18. Rb1 Ng6 19. Rb6 Rxa5 20. Rxb7 Qf6 21. Nb5
Rxa2 22. Qb3 Rb2 23. Qa3 Ne5 24. Nxd6 Rxf2 25. Nf5 Rd2 26. Qxc5 f3 27. Reb1
fxg2 28. Bxg2 Rc2 29. Rb8 Nd7 30. Rxf8+ Bxf8 31. Qc6 Qe5 32. d6 Qf4 33. Ne7+
Kh8 34. Rf1 Qd2 35. e5 Nxe5 36. Qa8 Kg7 37. Nf5+ Kg8 38. Qe4 Bxd6 39. Nxd6 1-0

[Event "GBR-ch90"]
[Site "Edinburgh"]
[Date "2003.07.21"]
[Round "1.39"]
[White "Anderton, Matthew N"]
[Black "Lim Chin Lee"]
[Result "1-0"]
[WhiteElo "2237"]
[BlackElo "2119"]
[PlyCount "79"]
[EventDate "2003.07.21"]
[EventType "swiss"]
[EventRounds "11"]
[EventCountry "GBR"]
[SourceTitle "BritBase"]
[Source "John Saunders"]
[SourceDate "2008.07.14"]
[SourceVersion "1"]
[SourceVersionDate "2008.07.14"]
[SourceQuality "2"]

1. e4 e5 2. Nf3 Nf6 3. Nxe5 d6 4. Nf3 Nxe4 5. d4 d5 6. Bd3 Be7 7. O-O Nc6 8. c4
Nb4 9. Be2 Bg4 10. Qa4+ Qd7 11. Qb3 dxc4 12. Bxc4 Be6 13. Re1 Nf6 14. Bxe6 fxe6
15. Nc3 Nfd5 16. Ne5 Qd6 17. a3 Nxc3 18. bxc3 Nd5 19. c4 Nb6 20. c5 Qd5 21. Qg3
Nd7 22. c6 bxc6 23. Qxg7 O-O-O 24. Qxe7 Nxe5 25. dxe5 Qxe5 26. Bh6 Qd5 27.
Qxe6+ Qxe6 28. Rxe6 Rd6 29. Rxd6 cxd6 30. Kf1 Kd7 31. Rb1 Kc7 32. Ke2 Rg8 33.
Bf4 c5 34. Rd1 Rg6 35. Kd3 Kc6 36. Kc4 h5 37. g3 Re6 38. Rxd6+ Rxd6 39. Bxd6
Kxd6 40. f4 1-0

[Event "GBR-ch90"]
[Site "Edinburgh"]
[Date "2003.07.21"]
[Round "1.40"]
[White "Goodger, Martyn"]
[Black "Ashton, Adam"]
[Result "0-1"]
[WhiteElo "2114"]
[BlackElo "2234"]
[PlyCount "76"]
[EventDate "2003.07.21"]
[EventType "swiss"]
[EventRounds "11"]
[EventCountry "GBR"]
[SourceTitle "BritBase"]
[Source "John Saunders"]
[SourceDate "2008.07.14"]
[SourceVersion "1"]
[SourceVersionDate "2008.07.14"]
[SourceQuality "2"]

1. e4 e5 2. Nf3 Nc6 3. d4 exd4 4. Nxd4 Nf6 5. Nxc6 bxc6 6. e5 Qe7 7. Qe2 Nd5 8.
c4 Nb6 9. Nd2 d6 10. exd6 cxd6 11. b3 Bg4 12. f3 Be6 13. Bb2 d5 14. cxd5 Nxd5
15. Rc1 Rd8 16. a3 Nf4 17. Qe5 Bd5 18. Qxe7+ Bxe7 19. g3 Ne6 20. b4 Bg5 21. Rc2
Bxd2+ 22. Rxd2 Bxf3 23. Rxd8+ Kxd8 24. Rg1 Ke7 25. Kf2 Bd5 26. h4 Rd8 27. Ke3
f5 28. Bd3 g6 29. Be5 Rd7 30. h5 Ng5 31. hxg6 hxg6 32. Bf4 Nh3 33. Re1 Kf6 34.
Bb8 g5 35. Rf1 Be6 36. Bc2 Re7 37. Bd6 Re8 38. Bc5 Bc4+ 0-1

[Event "GBR-ch90"]
[Site "Edinburgh"]
[Date "2003.07.21"]
[Round "1.41"]
[White "Nixon, Thomas"]
[Black "Munson, Shaun D"]
[Result "1-0"]
[WhiteElo "2226"]
[BlackElo "2112"]
[PlyCount "79"]
[EventDate "2003.07.21"]
[EventType "swiss"]
[EventRounds "11"]
[EventCountry "GBR"]
[SourceTitle "BritBase"]
[Source "John Saunders"]
[SourceDate "2008.07.14"]
[SourceVersion "1"]
[SourceVersionDate "2008.07.14"]
[SourceQuality "2"]

1. d4 d5 2. c4 c6 3. Nf3 Nf6 4. Qc2 g6 5. Bf4 dxc4 6. Qxc4 Bg7 7. Nc3 O-O 8. e4
b5 9. Qb3 Be6 10. Qc2 Qa5 11. Bd2 Qb6 12. Bd3 Bg4 13. Be3 Bxf3 14. gxf3 a6 15.
a4 Nbd7 16. O-O b4 17. Ne2 Qa5 18. f4 Ng4 19. e5 c5 20. d5 Rfc8 21. Bc4 Nb6 22.
b3 Nxc4 23. Qxc4 Qc7 24. Rad1 Bf8 25. Bc1 Qd7 26. Ng3 Nh6 27. e6 Qd6 28. Ne4
Qb6 29. exf7+ Nxf7 30. d6 Ra7 31. d7 Rd8 32. Be3 e6 33. Nxc5 Be7 34. Nxe6 Qb7
35. Nxd8 Qf3 36. Qd5 Qg4+ 37. Qg2 Qf5 38. Rd5 Qf6 39. f5 g5 40. Ne6 1-0

[Event "GBR-ch90"]
[Site "Edinburgh"]
[Date "2003.07.21"]
[Round "1.42"]
[White "Waters, Clive L"]
[Black "Longson, Alexander"]
[Result "0-1"]
[WhiteElo "2111"]
[BlackElo "2225"]
[PlyCount "98"]
[EventDate "2003.07.21"]
[EventType "swiss"]
[EventRounds "11"]
[EventCountry "GBR"]
[SourceTitle "BritBase"]
[Source "John Saunders"]
[SourceDate "2008.07.14"]
[SourceVersion "1"]
[SourceVersionDate "2008.07.14"]
[SourceQuality "2"]

1. g3 e5 2. Bg2 d6 3. c4 g6 4. d4 Bg7 5. dxe5 dxe5 6. Qxd8+ Kxd8 7. Nc3 c6 8.
Bg5+ f6 9. O-O-O+ Kc7 10. Bd2 Nh6 11. f4 Be6 12. b3 Ng4 13. Rf1 Nd7 14. h3 Nh6
15. e4 Nc5 16. Nf3 Nf7 17. fxe5 Nd3+ 18. Kc2 Nfxe5 19. Nxe5 Nxe5 20. Bf4 h5 21.
g4 hxg4 22. hxg4 Rxh1 23. Rxh1 g5 24. Bxe5+ fxe5 25. Rh5 Bf6 26. Rh7+ Kd6 27.
Bf3 Be7 28. Kd3 Rf8 29. Ke2 Rf4 30. c5+ Kd7 31. Nd5 cxd5 32. exd5 Bf7 33. d6 e4
34. Bg2 Bd8 35. Ke3 Kc6 36. b4 b6 37. Rh8 bxc5 38. Rxd8 cxb4 39. Bxe4+ Rxe4+
40. Kxe4 Bxa2 41. Ke5 b3 42. Rc8+ Kd7 43. Rc7+ Kd8 44. Rb7 a5 45. Kd5 b2+ 46.
Kc6 b1=Q 47. Rxb1 Bxb1 48. Kb5 Bd3+ 49. Kxa5 Be2 0-1

[Event "GBR-ch90"]
[Site "Edinburgh"]
[Date "2003.07.21"]
[Round "1.43"]
[White "Rudd, Jack"]
[Black "Gilbert, Jessie L"]
[Result "1-0"]
[WhiteElo "2219"]
[BlackElo "2109"]
[PlyCount "101"]
[EventDate "2003.07.21"]
[EventType "swiss"]
[EventRounds "11"]
[EventCountry "GBR"]
[SourceTitle "BritBase"]
[Source "John Saunders"]
[SourceDate "2008.07.14"]
[SourceVersion "1"]
[SourceVersionDate "2008.07.14"]
[SourceQuality "2"]

1. e4 c6 2. d4 d5 3. Nc3 dxe4 4. Nxe4 Nf6 5. Nxf6+ exf6 6. Bf4 Bd6 7. Qd2 Qe7+
8. Be3 Bf5 9. Bd3 Bxd3 10. Qxd3 Na6 11. c3 Nc7 12. Ne2 Nd5 13. Bd2 Nf4 14. Qf3
Nxe2 15. Qxe2 Qxe2+ 16. Kxe2 Kd7 17. Rhe1 Rhe8+ 18. Kd3 Re6 19. Re3 Rae8 20.
Rae1 f5 21. h3 f4 22. Re4 f5 23. Rxe6 Rxe6 24. Rxe6 Kxe6 25. a4 g5 26. f3 Be7
27. c4 b6 28. a5 h5 29. axb6 axb6 30. h4 g4 31. Bxf4 Bxh4 32. fxg4 hxg4 33. g3
Be7 34. Bc7 b5 35. d5+ cxd5 36. cxb5 Bc5 37. Bf4 d4 38. Kc4 Bb6 39. b4 Kf6 40.
Kd5 d3 41. Kc6 Bf2 42. b6 Bxg3 43. Bxg3 d2 44. b7 d1=Q 45. b8=Q Qf3+ 46. Kd7
Kg6 47. b5 Kh7 48. b6 Qd3+ 49. Qd6 Qb5+ 50. Kd8 Qb3 51. Bf4 1-0

[Event "GBR-ch90"]
[Site "Edinburgh"]
[Date "2003.07.21"]
[Round "1.44"]
[White "Eggleston, David"]
[Black "Karavade, Eesha"]
[Result "1-0"]
[WhiteElo "2094"]
[BlackElo "2218"]
[PlyCount "77"]
[EventDate "2003.07.21"]
[EventType "swiss"]
[EventRounds "11"]
[EventCountry "GBR"]
[SourceTitle "BritBase"]
[Source "John Saunders"]
[SourceDate "2008.07.14"]
[SourceVersion "1"]
[SourceVersionDate "2008.07.14"]
[SourceQuality "2"]

1. e4 c5 2. Nf3 d6 3. d4 cxd4 4. Nxd4 Nf6 5. Nc3 a6 6. g3 e5 7. Nde2 Nbd7 8.
Bg2 b5 9. O-O Bb7 10. Nd5 Nxd5 11. exd5 Be7 12. a4 O-O 13. Be3 Qc7 14. Nc3 bxa4
15. f4 Rac8 16. fxe5 Nxe5 17. Bd4 Rfe8 18. Rxa4 Bf8 19. Be4 g6 20. Bd3 Nxd3 21.
Qxd3 f5 22. g4 fxg4 23. Bf6 Qd7 24. Raf4 Bh6 25. Re4 Rxe4 26. Nxe4 Bf8 27. Bc3
Be7 28. Qd4 Rxc3 29. bxc3 g3 30. Nxg3 a5 31. c4 Bg5 32. Qe4 a4 33. Qf3 Qe7 34.
Ne4 Bh6 35. Nxd6 Bg7 36. Nxb7 Qxb7 37. d6 Qa7+ 38. Kh1 a3 39. Qd5+ 1-0

[Event "GBR-ch90"]
[Site "Edinburgh"]
[Date "2003.07.21"]
[Round "1.46"]
[White "Eggleston, Thomas"]
[Black "Coleman, James"]
[Result "1-0"]
[WhiteElo "2040"]
[BlackElo "2211"]
[PlyCount "67"]
[EventDate "2003.07.21"]
[EventType "swiss"]
[EventRounds "11"]
[EventCountry "GBR"]
[SourceTitle "BritBase"]
[Source "John Saunders"]
[SourceDate "2008.07.14"]
[SourceVersion "1"]
[SourceVersionDate "2008.07.14"]
[SourceQuality "2"]

1. e4 e5 2. Nf3 Nc6 3. Bc4 Nf6 4. d4 exd4 5. e5 Ne4 6. Bd5 Nc5 7. O-O Ne6 8.
Re1 Be7 9. Nbd2 O-O 10. Nb3 Re8 11. Nbxd4 Nexd4 12. Nxd4 Bc5 13. Nf3 d6 14. Ng5
Be6 15. Bxe6 fxe6 16. Qd3 g6 {(=)} 17. Qh3 Qe7 18. exd6 Bxd6 19. Rxe6 Qd7 20.
Bd2 Rxe6 21. Nxe6 Re8 22. Re1 Bxh2+ 23. Kxh2 Qxd2 24. Re4 Qd6+ 25. Kh1 Qd7 26.
Qb3 Na5 27. Qe3 Qd1+ 28. Kh2 Qxc2 29. Qh6 Qxb2 30. Rd4 Kf7 31. Ng5+ Kf6 32.
Nxh7+ Ke6 33. Qxg6+ Ke5 34. Qf6# 1-0

[Event "GBR-ch90"]
[Site "Edinburgh"]
[Date "2003.07.22"]
[Round "2.1"]
[White "Gormally, Daniel W"]
[Black "Conquest, Stuart"]
[Result "1/2-1/2"]
[WhiteElo "2478"]
[BlackElo "2560"]
[PlyCount "36"]
[EventDate "2003.07.21"]
[EventType "swiss"]
[EventRounds "11"]
[EventCountry "GBR"]
[SourceTitle "BritBase"]
[Source "John Saunders"]
[SourceDate "2008.07.14"]
[SourceVersion "1"]
[SourceVersionDate "2008.07.14"]
[SourceQuality "2"]

1. Nf3 d5 2. d4 Bf5 3. c4 e6 4. Nc3 c6 5. e3 Nd7 6. Bd3 Bxd3 7. Qxd3 Ngf6 8.
O-O Be7 9. e4 dxe4 10. Nxe4 O-O 11. b3 Qa5 12. Nxf6+ Bxf6 13. Bb2 Rad8 14. Qe3
Rfe8 15. Rfe1 a6 16. Bc3 Qf5 17. Rad1 h6 18. h3 Kh7 1/2-1/2

[Event "GBR-ch90"]
[Site "Edinburgh"]
[Date "2003.07.22"]
[Round "2.2"]
[White "Harikrishna, Pentala"]
[Black "Hossain, Enamul"]
[Result "1-0"]
[WhiteElo "2558"]
[BlackElo "2452"]
[PlyCount "51"]
[EventDate "2003.07.21"]
[EventType "swiss"]
[EventRounds "11"]
[EventCountry "GBR"]
[SourceTitle "BritBase"]
[Source "John Saunders"]
[SourceDate "2008.07.14"]
[SourceVersion "1"]
[SourceVersionDate "2008.07.14"]
[SourceQuality "2"]

1. e4 c5 2. Nc3 a6 3. Nf3 e6 4. g3 b5 5. Bg2 Bb7 6. d3 d6 7. O-O Nf6 8. e5 dxe5
9. Nxe5 Bxg2 10. Kxg2 Nbd7 11. Nxd7 Qxd7 12. Qf3 Rc8 13. a4 Be7 14. axb5 axb5
15. Ra5 b4 16. Ne4 c4 17. dxc4 Qc7 18. Nxf6+ Bxf6 19. Ra4 Qxc4 20. c3 Rb8 21.
Re1 Be7 22. Ra7 h6 23. Bf4 Rd8 24. Be5 f6 25. Bc7 Rc8 26. Qb7 1-0